Desafíos del periodismo en la sociedad del conocimiento /

Bibliographic Details
Main Author: Amado Suárez, Adriana (Author)
Other Authors: Luchessi, Lila (Editor), Videla, Luciano (Editor), Petrone, Ilze Gabriela (contributor agent of text.)
Format: Electronic eBook
Language:Spanish
Published: [Río Negro, Argentina] : Editorial UNRN, 2016.
Edition:Primera edición.
Series:Aperturas. Serie Sociales.
Subjects:
Online Access:Digitalia Hispánica

MARC

LEADER 00000nam a2200000Ii 4500
001 DIGEDUNRN0026
003 NyNyDIG
008 240715s2016 ag a ob 000 0 spa d
006 m o d
007 cr |||||||||||
035 |a (OCoLC)1202543958 
040 |a DGITA  |b eng  |e rda  |e pn  |c DGITA 
020 |a 9789873667381  |q eBook 
020 |z 9789873667299 
050 1 4 |a PN4749 ebook 
245 0 0 |a Desafíos del periodismo en la sociedad del conocimiento /  |c compiladores, Lila Luchessi y Luciano Videla ; prólogo, Ilze Gabriela Petrone ; autores, Adriana Amado [and 9 others]. 
250 |a Primera edición. 
264 1 |a [Río Negro, Argentina] :  |b Editorial UNRN,  |c 2016. 
300 |a 1 online resource :  |b illustrations. 
336 |a text  |b txt  |2 rdacontent 
337 |a computer  |b c  |2 rdamedia 
338 |a online resource  |b cr  |2 rdacarrier 
347 |a text file  |2 rdaft 
347 |b EPUB 
490 1 |a Aperturas. Serie Sociales 
504 |a Includes bibliographical references. 
588 0 |a Online resource; title from ePub title page (Digitalia, viewed July 15, 2024) 
650 0 |a Journalism  |x Social aspects. 
650 0 |a Knowledge management. 
700 1 |a Luchessi, Lila,  |e editor. 
700 1 |a Videla, Luciano,  |e editor. 
700 1 |a Petrone, Ilze Gabriela,  |e contributor agent of text. 
700 1 |a Amado Suárez, Adriana,  |e author. 
776 0 8 |i Print version:  |t Desafíos del periodismo en la sociedad del conocimiento.  |b Primera edición.  |d [Río Negro, Argentina] : Editorial UNRN, 2016  |z 9789873667299 
791 2 |a Digitalia (Firm),  |e distributor. 
793 0 |g Digitalia eBook Collection:  |a Editorial UNRN 
830 0 |a Aperturas.  |p Serie Sociales.  
856 4 0 |3 Digitalia Hispánica  |u https://www.digitaliapublishing.com/a/144704/ 
910 |a Premium collection: 2024